Bài ca chàng Đam San = Klei khan y Dam Săn
Saved in:
| Main Author: | |
|---|---|
| Format: | Book |
| Language: | Undetermined |
| Tags: |
Add Tag
No Tags, Be the first to tag this record!
|
| Institutions: | Trung tâm Học liệu Trường Đại học Cần Thơ |
|---|
| LEADER | 00449nam a2200133Ia 4500 | ||
|---|---|---|---|
| 001 | CTU_34988 | ||
| 008 | 210402s9999 xx 000 0 und d | ||
| 082 | |a 398.32 | ||
| 082 | |b B103 | ||
| 100 | |a Bài ca chàng Đam San | ||
| 245 | 0 | |a Bài ca chàng Đam San | |
| 245 | 0 | |b = Klei khan y Dam Săn | |
| 245 | 0 | |c Bài ca chàng Đam San; Biên tập, hiệu đính: Đào Tử Chí | |
| 980 | |a Trung tâm Học liệu Trường Đại học Cần Thơ | ||